Statistics for Stark 101

Click here to take the quiz!

General Stats

  • This quiz has been taken 3,105 times
    (3,103 since last reset)
  • The average score is 21 of 35

Answer Stats

HintAnswer% Correct
LordEddard
99%
With Stark surname #2Brandon
98%
MottoWinter is Coming
98%
With Stark surname #5Arya
97%
With Stark surname #1Robb
97%
With Stark surname #4Sansa
97%
SeatWinterfell
97%
RegionThe North
96%
Wife of lordCatelyn Tully
95%
Coat of armsDirewolf
95%
With Stark surname #3Rickon
95%
Ancestral WeaponIce
79%
With Stark surname #6Benjen
76%
Sworn noble house #6Karstark
75%
Cadet branch #2Karstark
75%
Sworn noble house #1Bolton
70%
Sworn noble house #12Umber
60%
Title of Lord #2Warden of the North
57%
Sworn noble house #9Mormont
53%
Sworn noble house #8Manderly
47%
Title of Lord (former)King in the North
44%
Sworn noble house #10Reed
43%
Title of Lord #1Lord of Winterfell
39%
FounderBran the Builder
38%
Seat of cadet branch #2Karhold
35%
Age foundedAge of Heroes
28%
Cadet branch #1 (extinct)Greystark
25%
Sworn noble house #4Flint
23%
OverlordHouse Baratheon of King's Landing
23%
Sworn noble house #2Cerwyn
22%
Sworn noble house #3Dustin
22%
Sworn noble house #5Hornwood
20%
Sworn noble house #11Ryswell
16%
Seat of cadet branch #1Wolf's Den
14%
Sworn noble house #7Locke
10%

Score Distribution

Percentile by Number Answered

Percent of People with Each Score

Your Score History

You have not taken this quiz since the last reset